The Respiratory System - Statistics

General Stats
  • This quiz has been taken 208 times
  • The average score is 10 of 12
Answer Stats
Questions Answer % Correct
Also known as the windpipe Trachea
97%
Lined with mucus and cilia to trap particles Trachea
97%
What is transported throughout the respiratory system Oxygen
96%
Two tubes that branch off from the trachea Bronchi
94%
What the oxygen is traded for Carbon Dioxide
93%
Tiny clusters of air sacs at the end of the bronchioles Alveoli
90%
Tinier tubes that branch off the bronchi Bronchioles
85%
The airway where the vocal cords are found Larynx
79%
Tiny hair like structures that sweep mucus and dust to your throat Cilia
67%
Surrounds the alveolis Capillaries
64%
The movement of the chest that brings air into the lungs and removes waste gases Breathing
60%
A tube like passageway for food, liquids, and air Pharynx
60%
No matching quizzes found
Score Distribution
Percent of People with Each Score
Percentile by Number Answered
Your Score History
You have not taken this quiz